El Códice de Cholula : (Record no. 75677)
[ view plain ]
| 000 -LEADER | |
|---|---|
| fixed length control field | 00955cam a2200217 4500 |
| 005 - DATE AND TIME OF LATEST TRANSACTION | |
| control field | 20170922133229.0 |
| 008 - FIXED-LENGTH DATA ELEMENTS--GENERAL INFORMATION | |
| fixed length control field | 170922b mx ||||| |||| 00| 0 spa d |
| 020 ## - INTERNATIONAL STANDARD BOOK NUMBER | |
| International Standard Book Number | 9701867300 |
| 050 04 - LIBRARY OF CONGRESS CALL NUMBER | |
| Classification number | F1219 .56 .C659 |
| Item number | G66 2002 |
| 100 1# - MAIN ENTRY--PERSONAL NAME | |
| Personal name | González-Hermosilla A., Francisco |
| 245 13 - TITLE STATEMENT | |
| Title | El Códice de Cholula : |
| Remainder of title | la exaltación testimonial de un linaje indio / |
| Statement of responsibility, etc | estudio, paleografía, traducción y notas Francisco González-Hermosillo A. y Luis Reyes García. |
| 250 ## - EDITION STATEMENT | |
| Edition statement | 1a ed. |
| 260 ## - PUBLICATION, DISTRIBUTION, ETC. (IMPRINT) | |
| Place of publication, distribution, etc | México : |
| Name of publisher, distributor, etc | Instituto Nacional de Antropología e Historia : |
| -- | Gobierno del estado de Puebla, |
| Date of publication, distribution, etc | 2002 |
| 300 ## - PHYSICAL DESCRIPTION | |
| Extent | 155 p. : |
| Other physical details | il. ; |
| Dimensions | 31 cm., |
| Accompanying material | incluye códice y 2 laminas |
| 504 ## - BIBLIOGRAPHY, ETC. NOTE | |
| Bibliography, etc | Incluye bibliografía e índice |
| 650 #7 - SUBJECT ADDED ENTRY--TOPICAL TERM | |
| Source of heading or term | LEMB |
| Topical term or geographic name as entry element | Manuscritos Náhuatl |
| Geographic subdivision | Cholula (Puebla) |
| -- | México |
| Form subdivision | Facsimiles |
| 650 #7 - SUBJECT ADDED ENTRY--TOPICAL TERM | |
| Source of heading or term | LEMB |
| Topical term or geographic name as entry element | Códice Cholula |
| 650 #7 - SUBJECT ADDED ENTRY--TOPICAL TERM | |
| Source of heading or term | LEMB |
| Topical term or geographic name as entry element | Aztecas |
| General subdivision | México |
| Geographic subdivision | Cholula (Puebla) |
| Form subdivision | Fuentes |
| 700 1# - ADDED ENTRY--PERSONAL NAME | |
| Personal name | Reyes García, Luis, |
| Relator term | est., paleog., tr. y notas |
| 942 ## - ADDED ENTRY ELEMENTS (KOHA) | |
| Source of classification or shelving scheme | Biblioteca del Cogreso de los Estados Unidos |
| Koha item type | Libro |
| Estado de pérdida | Fuente de clasificación | Estado del daño | No para préstamo | Ubicación permanente | Ubicación actual | Apartado o colección | Fecha de adquisición | Fuente de adquisición | Edición | Dependencia de educación superior (DES) | Área del conocimiento | Clasificación | Código de Barras | Date last seen | Número de copia | Tipo de recurso |
|---|---|---|---|---|---|---|---|---|---|---|---|---|---|---|---|---|
| Biblioteca del Cogreso de los Estados Unidos | Biblioteca del Instituto de Investigaciones Históricas | Biblioteca del Instituto de Investigaciones Históricas | General | 17/05/2017 | Donación | 1a ed. | Humanidades | Ciencias Sociales y Administrativas | F1219 .56 .C659 G66 2002 | IIH000000996 | 17/05/2017 | C:1 | Libro | |||
| Biblioteca del Cogreso de los Estados Unidos | Biblioteca del Instituto de Investigaciones Históricas | Biblioteca del Instituto de Investigaciones Históricas | General | 17/05/2017 | Donación | 1a ed. | Humanidades | Ciencias Sociales y Administrativas | F1219 .56 .C659 G66 2002 | IIH000000995 | 17/05/2017 | C:1 | Libro |